Clean energy from waste and coal /

Guardado en:
Detalles Bibliográficos
Otros Autores: Khan, M. Rashid
Formato: Libro
Lenguaje:inglés
Publicado: Washington, DC American Chemical Society 1992.
Colección:ACS symposium series, 515
Materias:
Acceso en línea:Ver en el OPAC
Etiquetas: Agregar Etiqueta
Sin Etiquetas, Sea el primero en etiquetar este registro!

MARC

LEADER 00000pam a2200000 a 4500
005 20260127134205.0
008 050517s1992 dcua b 101 0 eng
010 |a 92-038386 
020 |a 0841225141 (alk. paper) 
035 |a vtls008154467 
035 |a 3451425 
039 9 |y 200505171224  |z mschk03 
040 |a STUSCHK1  |b slo  |c STUSCHK1 
082 0 0 |a 333.79/38  |2 20 
245 0 0 |a Clean energy from waste and coal /  |c M. Rashid Khan, editor. 
260 |a Washington, DC  |b American Chemical Society  |c 1992. 
300 |a xii, 299 p.  |b ill.  |c 24 cm. 
440 0 |a ACS symposium series,  |x 0097-6156 ;  |v 515 
500 |a Cover title: Clean energy from waste & coal. 
500 |a "Developed from a symposium sponsored by the Division of Fuel Chemistry at the 202nd National Meeting of the American Chemical Society, New York, New York, August 25-30, 1991." 
504 |a Includes bibliographical references and indexes. 
650 0 |a Waste products as fuel  |x Congresses. 
650 0 |a Coal  |x Congresses. 
700 1 |a Khan, M. Rashid. 
740 0 |a Clean energy from waste & coal. 
906 |a 7  |b cbc  |c orignew  |d 1  |e ocip  |f 19  |g y-gencatlg 
910 |a SCHK95 
919 |a 0-8412-2514-1 
991 |b c-GenColl  |h TP360  |i .C55 1992  |t Copy 1  |w BOOKS 
999 |c 6271  |d 6271